[Event "Novorossiysk Small Land op"]
[Site "Novorossiysk"]
[Date "2023.07.19"]
[Round "3"]
[White "Glyants, Mark"]
[Black "Karavaev, Vladimir"]
[Result "0-1"]
[WhiteElo "1616"]
[BlackElo "2430"]
[PlyCount "70"]
[EventDate "2023.07.17"]
[EventType "swiss"]
[EventRounds "9"]
[EventCountry "RUS"]
[SourceTitle "CBM 215 Extra"]
[Source "ChessBase"]
[SourceDate "2023.09.30"]
[SourceVersion "1"]
[SourceVersionDate "2023.09.30"]
[SourceQuality "1"]

1. d4 Nf6 2. Nf3 e6 3. g3 b5 4. Bg2 Bb7 5. 0-0 c5 6. Nbd2 cxd4 7. Nxd4 Bxg2 8. Kxg2 Qb6 9. e3 Nc6 10. Nxc6 Qxc6+ 11. Qf3 d5 12. c3 Be7 13. Re1 Ne4 14. Qe2 0-0 15. f3 Nc5 16. e4 Rfd8 17. exd5 Rxd5 18. Nb3 Nd3 19. Rd1 Qc4 20. Qe4 Rad8 21. Rf1 Bf6 22. Rb1 Re5 23. Qxc4 Re2+ 24. Kg1 bxc4 25. Na5 Nxc1 26. Rfxc1 Rdd2 27. Nxc4 Rg2+ 28. Kf1 Rdf2+ 29. Ke1 Rxh2 30. f4 h5 31. Ne5 Be7 32. Nd3 Re2+ 33. Kf1 Rd2 34. Kg1 Rhg2+ 35. Kh1 Rxg3 0-1

[Event "Gelendzhik Rapid op"]
[Site "Gelendzhik"]
[Date "2023.05.28"]
[Round "5"]
[White "Glyants, Mark"]
[Black "Fedotov, Nikita1111"]
[Result "0-1"]
[WhiteElo "1616"]
[BlackElo "2311"]
[PlyCount "50"]
[EventDate "2023.05.27"]
[EventType "swiss (rapid)"]
[EventRounds "11"]
[EventCountry "RUS"]
[SourceTitle "CBM 214 Extra"]
[Source "ChessBase"]
[SourceDate "2023.07.31"]
[SourceVersion "1"]
[SourceVersionDate "2023.07.31"]
[SourceQuality "1"]

1. d4 Nf6 2. Nf3 d5 3. g3 g6 4. Bg2 Bg7 5. 0-0 0-0 6. c4 c6 7. b3 a5 8. Bb2 Be6 9. Nbd2 a4 10. Ng5 Bf5 11. e4 dxe4 12. Ngxe4 Ne8 13. Nc5 a3 14. Bc3 b6 15. Na4 Ra7 16. d5 cxd5 17. Bxg7 Kxg7 18. cxd5 Nf6 19. Nc3 e6 20. dxe6 Bxe6 21. Nde4 Rd7 22. Qe2 Nxe4 23. Nxe4 Nc6 24. Qb5 Nd4 25. Qxb6 Qxb6 0-1